00361nam a2200109 a 450000100080000000500110000800800410001910000200006024500540008026001040013465000130023816909012012-05-03 2009 bl uuuu u00u1 u #d1 aCOSTA, N. de L. aCausas de Degradação de Pastagens na Amazônia. aClicNews, 2009. Disponível em: <http://www.ClicNews.com.br.>. Acesso em: 31 ago. 2009.c2009 aPastagem